000 00572nam a22001937a 4500
999 _c184352
_d184352
005 20220311172022.0
010 _aENG-131231
020 _a978-93-90555-73-4
_c929.00
035 _aEN-114763
037 _bDBAD
082 _a515
100 _aTewani, G.
245 _aCalculus for JEE (Advanced)/
_cG. Tewani
250 _a3rd Edition
260 _aDelhi
_bCengage Learning India Pvt. Ltd
_c2021
270 _bDelhi
_aT-303, 3rd Floor, DAV Complex, Plot 3 Mayur Vihar, Phase 1
_e110091
300 _a980p.
_c28cm(pbk)
942 _2ddc
_cEN
_h515
_mTEW